ბათუმის შოთა რუსთაველის სახელმწიფო უნივერსიტეტის ბიბლიოთეკა

წადი სწრაფად, დაბრუნდი გვიან : (ბიბ.ჩანაწერი № 39646)

000 -ლიდერი
ფიქსირებული სიგრძის საკონტროლო ველი 01062nam a2200229Ia 4500
001 - საკონტროლო ნომერი
საკონტროლო ველი 6246
003 - საკონტროლო ნომრის იდენტიფიკატორი
საკონტროლო ველი GE_BSU
005 - ბოლო ოპერაციის თარიღი და დრო
საკონტროლო ველი 20200217164319.0
008 - ფიქსირებული სიგრძის მონაცემთა ელემენტები - ზოგადი ინფორმაცია
ფიქსირებული სიგრძის საკონტროლო ველი 181216s2012||||ge |||||||||||||| ||geo||
010 ## - კონგრესის ბიბლიოთეკის საკონტროლო ნომერი
LC საკონტროლო ნომერი 9789941923630
040 ## - კატალოგიზაციის წყარო
Transcribing agency GE_BSU
041 ## - ენის კოდი
Language code of text/sound track or separate title geo
080 ## - უნივერსალური ათობითი კლასიფიკაციის ინდექსი
Universal Decimal Classification number 821.133.1-312.4 ვ-21
100 ## - მთავარი ჩანაწერი - პიროვნების სახელი
Personal name ვარგასი, ფრედ.
9 (RLIN) 5302
245 ## - ცნობა სათაურის შესახებ
Title წადი სწრაფად, დაბრუნდი გვიან :
Remainder of title დეტექტივი /
Statement of responsibility, etc ფრედ ვარგასი ; ფრანგ. თარგმნა თამარ ხოსრუაშვილმა ; დიზ. ნინო ხოსრუაშვილი.
264 ## - წარმოების, გამოცემის, დისტრიბუციის და სხვა ცნობები
გამოცემის, წარმოების, დისტრიბუციის... ადგილი თბილისი :
გამოცემის, წარმოების, დისტრიბუციის... სახელწოდება აგორა,
გამოცემის, წარმოების, დისტრიბუციის... თარიღი 2012.
300 ## - ფიზიკური აღწერა
Extent 357 გვ. ;
Accompanying material 19 სმ.
653 ## - INDEX TERM--UNCONTROLLED
Uncontrolled term წადი სწრაფად, დაბრუნდი გვიან
653 ## - INDEX TERM--UNCONTROLLED
Uncontrolled term დეტექტივი
700 ## - ADDED ENTRY--PERSONAL NAME
Personal name ხოსრუაშვილი, თამარ
Relator term ფრანგულიდან თარგმნა
9 (RLIN) 7121
942 ## - ADDED ENTRY ELEMENTS (KOHA)
Koha item type წიგნი
Source of classification or shelving scheme
ეგზემპლარები
ჩამოწერის სტატუსი დაკარგული ეგზემპლარის სტატუსი კლასიფიკაციის წყარო ან თაროზე გაწყობის სქემა დაზიანების სტატუსი არ გაიცემა მუდმივი მდებარეობა (დაცვის ადგილი) ამჟამინდელი ადგილსამყოფელი თაროზე განთავსების ადგილი შეძენის თარიღი სრული შენახვის შიფრი შტრიხკოდი ბოლო ოპერაციის თარიღი ეგზემპლარის მიმდევრობითი ნომერი (კეტერი?) ფასის ძალაში შესვლის თარიღი ეგზემპლარის სახეობა
          ბათუმის შოთა რუსთაველის სახელმწიფო უნივერსიტეტის მთავარი ბიბლიოთეკა ბათუმის შოთა რუსთაველის სახელმწიფო უნივერსიტეტის მთავარი ბიბლიოთეკა წიგნსაცავი 2018-12-17 821.133.1-312.4 ვ-21 14988 2018-12-17 14988 2018-12-17 წიგნი